000 00770nam a2200301Ia 4500
001 Z_4958
003 CHAP
008 220113s2001 xx 000 0 und d
010 _a168013
040 _cCHAP
082 _a581.1 B47
100 _aBernal Lugo, Irma
_9142247
245 _aAvances en bioquímica y biología molecular de plantas /
_cpor Irma Bernal Lugo y Herminia Loza Tavera
260 _aMéxico, D. F. :
_bUNAM,
_c2001
300 _a193 p. ; ilus.
440 _a
500 _a
503 _a
650 _aBiología molecular de plantas
_9142248
650 _aBioqímica vegetal
_9142249
650 _aFisiología vegetal
_941136
901 _a581.1 B47
902 _aA
910 _a2001
942 _c1
942 _cc1
999 _c168013
_d168013